| 000 | 00988nam a2200241Ia 4500 | ||
|---|---|---|---|
| 003 | GCL | ||
| 008 | 140319s9999 xx 000 0 ara d | ||
| 020 | _a4447287977 | ||
| 040 |
_aGCL / _cGCL |
||
| 082 | 0 | 4 |
_a005.13 _bع ب |
| 100 | 1 | _aعزب محمد عزب | |
| 245 | 1 | 0 |
_aبرمجة ASP . NET باستخدام V B . NET : _bمعلومات أساسية - الأدوات - برمجة الأنترنت - مفاهيم OOP - أساسيات قواعد البيانات / _cعزب محمد عزب |
| 700 | 1 | _aهانى عبد النبى | |
| 250 | _aالاولى | ||
| 260 |
_aالقاهرة : _bدار الكتب العلمية للنشر والتوزيع ، _c2004 |
||
| 300 |
_a215ص ؛ _c20سم |
||
| 650 | 0 | 4 | _aالحاسبات الالكترونية - برامج |
| 650 | 0 | 4 | _aانشاء صفحات الويب |
| 650 | 0 | 4 | _aالإنترنت - برمجة |
| 650 | 0 | 4 | _aايه اس بى دوت ان ايه تى |
| 650 | 0 | 4 | _aفيجوال بيسك دوت نت |
| 942 |
_2ddc _cBK |
||
| 999 |
_c9068 _d9068 |
||